000 00559nam a2200193Ia 4500
005 20250508152348.0
008 008 250505s9999 xx 000 0 eng d
037 _aTextual
040 _aFEDL
_beng
_cFEDL
041 _aeng
_2eng
084 _a338.9040, WAL
_qFEDL
100 _aWalker Gilbert
_9129278
245 0 _aEconomic planning by programme and control in Great Britain
260 _aMelbourne, USA
_bHeinemann
_c1957
300 _axii,175p.
650 _aEconomics
942 _cTEXL
_h338.9040, WAL
999 _c1335919
_d1335919